[Event "Cali Region-ch"]
[Site "Cali"]
[Date "2017.05.01"]
[Round "6"]
[White "Marmolejo, Jhon Edinson"]
[Black "Salazar, Ricardo"]
[Result "0-1"]
[WhiteElo "1659"]
[BlackElo "2009"]
[PlyCount "35"]
[EventDate "2017.04.28"]
[EventType "swiss"]
[EventRounds "7"]
[EventCountry "COL"]
[SourceTitle "CBM 178 Extra"]
[Source "ChessBase"]
[SourceDate "2017.06.22"]
[SourceVersion "1"]
[SourceVersionDate "2017.06.22"]
[SourceQuality "1"]

1. e4 c5 2. Nc3 e6 3. g3 Nc6 4. Bg2 a6 5. d3 Qc7 6. f4 d6 7. Nf3 b5 8. a3 Be7 9. 0-0 Bb7 10. Ne2 Nf6 11. h3 0-0 12. g4 d5 13. Ng3 dxe4 14. dxe4 Nd4 15. Nxd4 cxd4 16. g5 Nd7 17. Kh2 Rad8 18. Bd2 0-1

[Event "Cali Region-ch"]
[Site "Cali"]
[Date "2017.04.30"]
[Round "4"]
[White "Renteria, Alejandro"]
[Black "Salazar, Ricardo"]
[Result "0-1"]
[WhiteElo "1684"]
[BlackElo "2009"]
[PlyCount "62"]
[EventDate "2017.04.28"]
[EventType "swiss"]
[EventRounds "7"]
[EventCountry "COL"]
[SourceTitle "CBM 178 Extra"]
[Source "ChessBase"]
[SourceDate "2017.06.22"]
[SourceVersion "1"]
[SourceVersionDate "2017.06.22"]
[SourceQuality "1"]

1. d4 d5 2. f4 Nf6 3. e3 Bf5 4. Nf3 Nbd7 5. c3 e6 6. Nbd2 c5 7. Be2 c4 8. 0-0 Bd6 9. Ne5 0-0 10. Ndf3 Ne4 11. Ng5 Bxe5 12. Nxe4 Bxf4 13. Rxf4 Bxe4 14. Bf3 e5 15. Rg4 Nf6 16. Rg3 Bxf3 17. Rxf3 e4 18. Rh3 Rc8 19. Bd2 Rc6 20. Be1 Qb6 21. Rb1 Rd8 22. Bh4 Rd7 23. Qe2 Ne8 24. Bg5 Rg6 25. Bh4 Qe6 26. Rf1 Qxh3 27. Qf2 Rxg2+ 28. Qxg2 Qxh4 29. Kh1 Rd6 30. Qe2 Rf6 31. Rxf6 Nxf6 0-1

[Event "Cali Region-ch"]
[Site "Cali"]
[Date "2017.04.29"]
[Round "3"]
[White "Salazar, Ricardo"]
[Black "Mateus Urbano, Luis Alejandro"]
[Result "0-1"]
[WhiteElo "2009"]
[BlackElo "2234"]
[PlyCount "64"]
[EventDate "2017.04.28"]
[EventType "swiss"]
[EventRounds "7"]
[EventCountry "COL"]
[SourceTitle "CBM 178 Extra"]
[Source "ChessBase"]
[SourceDate "2017.06.22"]
[SourceVersion "1"]
[SourceVersionDate "2017.06.22"]
[SourceQuality "1"]

1. d4 Nf6 2. g3 d5 3. Bg2 b5 4. Nf3 e6 5. 0-0 Nbd7 6. b3 Bb7 7. Nbd2 b4 8. Bb2 Be7 9. c4 bxc3 10. Bxc3 c5 11. dxc5 Nxc5 12. Ne5 0-0 13. Rc1 Rc8 14. Ndf3 Nce4 15. Bd4 Qa5 16. Rc2 Rxc2 17. Qxc2 Rc8 18. Qb2 Ba3 19. Qb1 Nc3 20. Qc2 Nb5 21. Qd3 Nxd4 22. Qxd4 Ne4 23. e3 f6 24. Bh3 Re8 25. Nd3 e5 26. Qa1 Ba6 27. Rd1 Nc3 28. Rd2 Bxd3 29. Rxd3 Ne2+ 30. Kf1 e4 31. Kxe2 exd3+ 32. Kxd3 Qb5+ 0-1

[Event "Colombia Mire Lea Florida Cup"]
[Site "Colombia"]
[Date "2010.10.16"]
[Round "2.10"]
[White "Salazar, Ricardo"]
[Black "Galindo, Gustavo"]
[Result "1-0"]
[WhiteElo "2009"]
[BlackElo "1627"]
[PlyCount "50"]
[EventDate "2010.10.16"]
[EventType "swiss"]
[EventRounds "7"]
[EventCountry "COL"]
[SourceTitle "EXT 2024"]
[Source "ChessBase"]
[SourceDate "2023.10.10"]
[SourceVersion "1"]
[SourceVersionDate "2023.10.10"]
[SourceQuality "1"]

1. d4 Nf6 2. g3 c5 3. Bg2 cxd4 4. Qxd4 Nc6 5. Qa4 g6 6. Nf3 Bg7 7. 0-0 0-0 8. c4 d6 9. a3 Bd7 10. Qc2 Rc8 11. Nc3 a6 12. Re1 Qc7 13. Bg5 h6 14. Bxf6 exf6 15. Rad1 Be6 16. b3 Ne5 17. Nd4 b5 18. Nxe6 fxe6 19. f4 Ng4 20. Qxg6 Qb6+ 21. c5 Qxc5+ 22. e3 Nxe3 23. Ne4 Qc2 24. Rd2 Qxb3 25. Rxd6 Nxg2 1-0

[Event "IECG CP.2000.P.00003"]
[Site "IECG email"]
[Date "2000.10.01"]
[Round "?"]
[White "Salazar, Ricardo"]
[Black "Allen, Richard G"]
[Result "1-0"]
[WhiteElo "1800"]
[BlackElo "1221"]
[PlyCount "114"]
[EventDate "2000.10.01"]
[EventType "tourn (corr)"]
[EventRounds "6"]
[EventCountry "NED"]
[SourceTitle "Corr 2008"]
[Source "ChessBase"]
[SourceDate "2008.06.24"]
[SourceVersion "1"]
[SourceVersionDate "2008.06.24"]
[SourceQuality "1"]

1. e4 d6 2. d4 Nf6 3. Nc3 g6 4. Nf3 Bg7 5. Be3 c6 6. Qd2 b5 7. Bd3 Nbd7 8. Bh6 Bxh6 9. Qxh6 e5 10. dxe5 Nxe5 11. Nxe5 dxe5 12. h3 b4 13. Ne2 Ng8 14. Qd2 Qe7 15. a3 bxa3 16. Rxa3 Nf6 17. Qc3 Qc7 18. 0-0 0-0 19. Rfa1 Re8 20. b4 Nd7 21. Nc1 Nb6 22. Nb3 Re6 23. Ra5 f6 24. Nc5 Re8 25. Qb3+ Kh8 26. c3 Rf8 27. Qc2 f5 28. Qa2 Rf7 29. Bc2 Re7 30. Bb3 fxe4 31. Qd2 Bf5 32. g4 Bc8 33. Qh6 Rg7 34. Nxe4 Nd5 35. Ng5 Qd6 36. Rd1 Qe7 37. Bxd5 cxd5 38. Raxd5 Bb7 39. Rd6 Rag8 40. c4 Bc8 41. c5 a6 42. c6 Qc7 43. Ne4 Qe7 44. Nf6 Rf8 45. g5 e4 46. Rd7 Bxd7 47. Rxd7 Rc8 48. Rxe7 Rxe7 49. Nd5 Rg7 50. c7 Kg8 51. Qh4 e3 52. Qe4 exf2+ 53. Kf1 Rf7 54. Ne7+ Kf8 55. Nxc8 Rxc7 56. Qf4+ Rf7 57. Qe5 Kg8 1-0